000 00851cam a2200265 a 4500
999 _c10370
_d10370
003 OSt
005 20220316134820.0
008 110720s2012 njua 001 0 eng
010 _a 2011030356
020 _a9780470619025 (pbk.)
040 _aDLC
_cDLC
_dDLC
042 _apcc
082 0 0 _a729.028
_223
_bMIT
100 1 _aMitton, Maureen.
245 1 0 _aInterior design visual presentation :
_ba guide to graphics, models, and presentation techniques /
_cMaureen Mitton.
246 3 0 _aGuide to graphics, models, and presentation techniques
250 _a4th ed.
260 _aHoboken, N.J. :
_bJohn Wiley & Sons,
_cc2012.
300 _ax, 310 p. :
_bill. (some col.) ;
_c24 cm.
500 _aIncludes index.
650 0 _aInterior decoration rendering.
650 0 _aInterior decoration
_xDesign.
650 0 _aGraphic arts.
942 _2ddc